01765nac a22003011u 4500010001500000020002800015035002000043082001800063090001300081100003400094245011700128250001200245260006300257300003500320440005200355504005100407505050700458650002800965650002800993700003501021700003201056700002401088856008201112856009101194942002001285999001301305952014501318 a2004030223 a0122386620 (alk. paper) a(DNLM)10123666300a610.28bE5657 c779d779 a20080729 00aIntroduction to biomedical engineering /c[editors] John D. Enderle, Susan M. Blanchard, and Joseph D. Bronzino. a2nd ed. aAmsterdam ;aBoston :bElsevier Academic Press,2005c2005. axxi, 1118 p. :bill. ;c24 cm. 0aAcademic Press series in biomedical engineering aIncludes bibliographical references and index.0 aBiomedical engineering: an historical perspective -- Moral and ethical issues -- Anatomy and physiology -- Biomechanics -- Rehabilitation engineering and assistive technology -- Biomaterials -- Tissue engineering -- Bioinstrumentation -- Biomedical sensors -- Biosignal processing -- Bioelectric phenomena -- Physiological modeling and compartmental analysis -- Genomics and bioinformatics -- Computational biology and complexity -- Radiation imaging -- Medical imaging -- Biomedical optics and lasers. 0aBiomedical engineering. 0aBiomedical Engineering.1 aEnderle, John D.q(John Denis)1 aBronzino, Joseph D.,d1937-1 aBlanchard, Susan M.413Table of contents onlyuhttp://www.loc.gov/catdir/toc/ecip055/2004030223.html413Publisher descriptionuhttp://www.loc.gov/catdir/enhancements/fy0617/2004030223-d.html cBBk610.28E5657 c779d779 00102ddc40708 aMAINbMAINc1STd2006-07-27epurchaseg600.00l1m29o610.28 INTp000003804r2025-07-15 00:00:00s2014-10-21v750.00yBB